000 00492nam a2200181Ia 4500
005 20250508162801.0
008 008 250505s9999 xx 000 0 hin d
037 _aTextual
040 _aFEDL
_beng
_cFEDL
041 _ahin
_2eng
084 _a374, PAN
_qFEDL
100 _aPandey Kalplata
_9774042
245 0 _aDurverti - shiksha
260 _aVaranasi, India
_bVijay Prakashan Mandir
_c1991
300 _aii,144p
942 _cTEXL
_h374, PAN
999 _c1378673
_d1378673